|
|
|
|
| LEADER |
01169nam a2200265 a 4500 |
| 001 |
1899909 |
| 008 |
100114s1983 enka b 000 0 eng d |
| 010 |
|
|
|a 84111609
|
| 020 |
|
|
|a 0700701605
|
| 040 |
|
|
|a DLC
|c DLC
|d DLC
|d OCoLC
|d DLC
|d BD-DhAAL
|
| 082 |
0 |
0 |
|a 307.7/2/0954
|2 19
|
| 245 |
0 |
0 |
|a Rural South Asia :
|b linkages, change, and development /
|c edited by Peter Robb.
|
| 260 |
|
|
|a London :
|b Curzon Press,
|c 1983.
|
| 300 |
|
|
|a vii, 250 p. :
|b ill. ;
|c 23 cm.
|
| 490 |
0 |
|
|a Collected papers on South Asia,
|x 0141-0156 ;
|v no. 5
|
| 500 |
|
|
|a Results of an international symposium organized Dec. 1980 under the auspices of the Centre of South Asian Studies.
|
| 504 |
|
|
|a Includes bibliographies.
|
| 541 |
1 |
|
|e 00003439
|
| 651 |
|
0 |
|a South Asia
|x Economic conditions.
|
| 651 |
|
0 |
|a South Asia
|x Rural conditions.
|
| 700 |
1 |
|
|a Robb, Peter
|q (Peter G.)
|
| 710 |
2 |
|
|a University of London.
|b Centre of South Asian Studies.
|
| 852 |
4 |
|
|a Ayesha Abed Library
|j General shelf
|
| 999 |
|
|
|c 6981
|d 6981
|
| 952 |
|
|
|0 0
|1 0
|2 ddc
|4 0
|6 307_720954000000000_RUR_1983
|7 0
|9 7226
|a BRACUL
|b BRACUL
|c GEN
|d 2010-01-14
|g 0.00
|l 0
|o 307.720954 RUR
|p 3010003439
|r 2010-01-14
|t 1
|w 2010-01-14
|y BK
|z Not price in Register
|